logo

Bir Sreshtho Munshi Abdur Rouf Library
Jhenaidah Cadet College

The Merry Adventures of Robin Hood / (Record no. 1800)

MARC details
000 -LEADER
fixed length control field 00536nam a2200205 a 4500
001 - CONTROL NUMBER
JCCL Control Number 1800
003 - CONTROL NUMBER IDENTIFIER
JCCL marc code BD-JhCC
005 - DATE AND TIME OF LATEST TRANSACTION
control field 20171024174108.0
008 - FIXED-LENGTH DATA ELEMENTS--GENERAL INFORMATION
fixed length control field 171024s2007 II |||| |||| 000 0 eng d
035 ## - SYSTEM CONTROL NUMBER
system control number (BD-JhCC)1800
040 ## - CATALOGING SOURCE
Original cataloging agency BD-JhCC
Modifying agency BD-JhCC
041 ## - LANGUAGE CODE
Language code of Book eng
082 ## - DEWEY DECIMAL CLASSIFICATION NUMBER
Classification number 398.2
Author mark and Year PYL 2007
100 ## - MAIN ENTRY--PERSONAL NAME
Personal name Pyle, Howard
245 ## - TITLE STATEMENT
Title The Merry Adventures of Robin Hood /
Statement of responsibility, etc Howard Pyle
260 ## - PUBLICATION, DISTRIBUTION, ETC. (IMPRINT)
Place of publication, distribution, etc New Delhi :
Name of publisher, distributor, etc Indiana Publishig House ;
Date of publication, distribution, etc 2007
300 ## - PHYSICAL DESCRIPTION
Pagination 238 p. ;
Dimensions 22 cm
650 ## - SUBJECT ADDED ENTRY--TOPICAL TERM
Topical term or geographic name as entry element Robin Hood (Legends)
942 ## - ADDED ENTRY ELEMENTS (KOHA)
Source of classification or shelving scheme Dewey Decimal Classification
Koha item type Books
Holdings
Source of classification or shelving scheme Damaged status Not for loan Home library Current library Shelving location Date of accession Total Checkouts Full call number Barcode Date last seen Copy number Koha item type
Dewey Decimal Classification     JCC Rouf Library JCC Rouf Library General Stacks 10/24/2017   398.2 PYL 2007 3050 10/24/2017 C-1 Books

JCC Library | Contacts | JCC Home

Last Update on 23 September 2017
Copyright @ 2017-2020 JCC Rouf Library
Rouf Library, Jhenidah Cadet College (JCC), Bangladesh